Love canonized: (Record no. 10822)

MARC details
000 -LEADER
fixed length control field 00639cam a2200217ua 4500
005 - DATE AND TIME OF LATEST TRANSACTION
control field 20221012133305.0
008 - FIXED-LENGTH DATA ELEMENTS--GENERAL INFORMATION
fixed length control field 200210n ii |||gr||||Z||||||eng
020 ## - INTERNATIONAL STANDARD BOOK NUMBER
International Standard Book Number 9789382267041
040 ## - CATALOGING SOURCE
Transcribing agency MAIN
Original cataloging agency IN-DiNC
041 ## - LANGUAGE CODE
Language code of sung or spoken text English
082 ## - DEWEY DECIMAL CLASSIFICATION NUMBER
Classification number 821
Item number LOV
245 ## - TITLE STATEMENT
Title Love canonized:
Remainder of title the poetry of Spenser and Donne/
Statement of responsibility, etc. edited by Aruni Mahapatra, Hannah Varkey and Kanav Gupta
260 ## - PUBLICATION, DISTRIBUTION, ETC.
Place of publication, distribution, etc. Delhi:
Name of publisher, distributor, etc. Worldview,
Date of publication, distribution, etc. 2014.
300 ## - PHYSICAL DESCRIPTION
Extent xvi, 436p.
650 ## - SUBJECT ADDED ENTRY--TOPICAL TERM
Topical term or geographic name entry element English poetry
700 ## - ADDED ENTRY--PERSONAL NAME
Personal name Mahapatra, Aruni
Relator term Editor
700 ## - ADDED ENTRY--PERSONAL NAME
Personal name Varkey, Hannah
Relator term Editor
700 ## - ADDED ENTRY--PERSONAL NAME
Personal name Gupta, Kanav
Relator term Editor
942 ## - ADDED ENTRY ELEMENTS (KOHA)
Koha item type Books
Source of classification or shelving scheme Dewey Decimal Classification
653 ## - INDEX TERM--UNCONTROLLED
Uncontrolled term English poetry
Holdings
Withdrawn status Lost status Source of classification or shelving scheme Damaged status Not for loan Collection code Home library Current library Shelving location Date acquired Cost, normal purchase price Full call number Barcode Date last seen Copy number Price effective from Koha item type Total Checkouts
    Dewey Decimal Classification     English Naharkatiya College Library Naharkatiya College Library General Stacks 19/09/2020 275.00 821 LOV 28193 19/09/2020 1 19/09/2020 Books  
    Dewey Decimal Classification     English Naharkatiya College Library Naharkatiya College Library General Stacks 19/09/2020 275.00 821 LOV 28194 10/12/2020 2 19/09/2020 Books  
    Dewey Decimal Classification     English Naharkatiya College Library Naharkatiya College Library General Stacks 19/09/2020 275.00 821 LOV 28195 19/09/2020 3 19/09/2020 Books  
    Dewey Decimal Classification     English Naharkatiya College Library Naharkatiya College Library General Stacks 12/10/2022 275.00 821 LOV 28967 12/10/2022 4 12/10/2022 Books  
    Dewey Decimal Classification     English Naharkatiya College Library Naharkatiya College Library General Stacks 12/10/2022 275.00 821 LOV 28968 12/10/2022 5 12/10/2022 Books  

Naharkatiya College © 2020. All rights reserved.

Powered By